Conceptual Metaphor in Discourses of Women and Marriage in Seventeenth-Century Comedy

Elmentve itt :
Bibliográfiai részletek
Szerző: Aradi Csenge Eszter
Dokumentumtípus: Cikk
Megjelent: 2014
Sorozat:JOURNAL OF ARTS AND HUMANITIES 10
mtmt:3080347
Online Access:http://publicatio.bibl.u-szeged.hu/8079
LEADER 00683nab a2200181 i 4500
001 publ8079
005 20190403101802.0
008 161014s2014 hu o 0|| angol d
022 |a 2167-9045 
024 7 |a 3080347  |2 mtmt 
040 |a SZTE Publicatio Repozitórium  |b hun 
041 |a angol 
100 1 |a Aradi Csenge Eszter 
245 1 0 |a Conceptual Metaphor in Discourses of Women and Marriage in Seventeenth-Century Comedy  |h [elektronikus dokumentum] /  |c  Aradi Csenge Eszter 
260 |c 2014 
300 |a 19-27 
490 0 |a JOURNAL OF ARTS AND HUMANITIES  |v 10 
856 4 0 |u http://publicatio.bibl.u-szeged.hu/8079/1/Conceptual%20Metaphor_Women_JAH_Aradi%20Csenge%20Eszter.pdf  |z Dokumentum-elérés